The betrothed / (Record no. 5888)
[ view plain ]
| 000 -LEADER | |
|---|---|
| fixed length control field | 01171cam a22003851a 4500 |
| 001 - CONTROL NUMBER | |
| control field | 5901410 |
| 003 - CONTROL NUMBER IDENTIFIER | |
| control field | OSt |
| 005 - DATE AND TIME OF LATEST TRANSACTION | |
| control field | 20260129105706.0 |
| 008 - FIXED-LENGTH DATA ELEMENTS--GENERAL INFORMATION | |
| fixed length control field | 900427s1834 enkaf 000 1 eng |
| 010 ## - LIBRARY OF CONGRESS CONTROL NUMBER | |
| LC control number | 16019178 |
| 020 ## - INTERNATIONAL STANDARD BOOK NUMBER | |
| International Standard Book Number | 014044274x |
| 035 ## - SYSTEM CONTROL NUMBER | |
| System control number | 5901410 |
| 035 ## - SYSTEM CONTROL NUMBER | |
| System control number | (OCoLC)21438618 |
| 040 ## - CATALOGING SOURCE | |
| Original cataloging agency | KABLIB |
| Transcribing agency | KABLIB |
| Modifying agency | KABLIB |
| 041 1# - LANGUAGE CODE | |
| Language code of text/sound track or separate title | eng |
| Language code of original | ita |
| 042 ## - AUTHENTICATION CODE | |
| Authentication code | premarc |
| 050 00 - LIBRARY OF CONGRESS CALL NUMBER | |
| Classification number | PQ4714 |
| Item number | .A2 1834 |
| 082 ## - DEWEY DECIMAL CLASSIFICATION NUMBER | |
| Edition number | 23 |
| Classification number | 809.8 |
| Item number | MAN |
| 100 1# - MAIN ENTRY--PERSONAL NAME | |
| Personal name | Manzoni, Alessandro, |
| Dates associated with a name | 1785-1873. |
| 9 (RLIN) | 14846 |
| 240 00 - UNIFORM TITLE | |
| Language of a work | English |
| 245 14 - TITLE STATEMENT | |
| Title | The betrothed / |
| Statement of responsibility, etc. | from the Italian of Alessandro Manzoni. |
| 260 ## - PUBLICATION, DISTRIBUTION, ETC. | |
| Place of publication, distribution, etc. | England |
| Name of publisher, distributor, etc. | penguine |
| Date of publication, distribution, etc. | 1972 |
| 300 ## - PHYSICAL DESCRIPTION | |
| Extent | 719 p. : |
| Dimensions | 19 cm. |
| 336 ## - CONTENT TYPE | |
| Content type term | text |
| Content type code | txt |
| Source | rdacontent |
| 337 ## - MEDIA TYPE | |
| Media type term | unmediated |
| Media type code | n |
| Source | rdamedia |
| 338 ## - CARRIER TYPE | |
| Carrier type term | volume |
| Carrier type code | nc |
| Source | rdacarrier |
| 440 #0 - SERIES STATEMENT/ADDED ENTRY--TITLE | |
| Title | Standard novels ; |
| Volume/sequential designation | no. 43 |
| 9 (RLIN) | 14847 |
| 500 ## - GENERAL NOTE | |
| General note | Translation of: I promessi sposi. |
| 500 ## - GENERAL NOTE | |
| General note | Added engraved t.p. |
| 510 4# - CITATION/REFERENCES NOTE | |
| Name of source | Wolff, R.L. 19th cent. fiction, |
| Location within source | 4479a |
| 510 4# - CITATION/REFERENCES NOTE | |
| Name of source | Sadleir, M. 19th cent. fiction, |
| Location within source | 3734a |
| 906 ## - LOCAL DATA ELEMENT F, LDF (RLIN) | |
| a | 7 |
| b | cbc |
| c | oclcrpl |
| d | u |
| e | ncip |
| f | 19 |
| g | y-gencatlg |
| 942 ## - ADDED ENTRY ELEMENTS (KOHA) | |
| Source of classification or shelving scheme | Dewey Decimal Classification |
| Koha item type | Book |
| Withdrawn status | Lost status | Source of classification or shelving scheme | Damaged status | Not for loan | Home library | Current library | Date acquired | Total Checkouts | Full call number | Barcode | Date last seen | Price effective from | Koha item type |
|---|---|---|---|---|---|---|---|---|---|---|---|---|---|
| Dewey Decimal Classification | Education Library | Education Library | 29.01.2026 | 809.8 MAN | 14212 | 29.01.2026 | 29.01.2026 | Book | |||||
| Dewey Decimal Classification | Education Library | Education Library | 29.01.2026 | 809.8 MAN | 14213 | 29.01.2026 | 29.01.2026 | Book | |||||
| Dewey Decimal Classification | Education Library | Education Library | 29.01.2026 | 809.8 MAN | 14214 | 29.01.2026 | 29.01.2026 | Book | |||||
| Dewey Decimal Classification | Education Library | Education Library | 29.01.2026 | 809.8 MAN | 14215 | 29.01.2026 | 29.01.2026 | Book | |||||
| Dewey Decimal Classification | Education Library | Education Library | 29.01.2026 | 809.8 MAN | 14216 | 29.01.2026 | 29.01.2026 | Book |